| 000 | 00488nam a2200181Ia 4500 | ||
|---|---|---|---|
| 008 | 240925s9999 xx 000 0 und d | ||
| 020 | _a914313387 | ||
| 082 | _a425 THO | ||
| 100 | _aThomson, A J; Martinet ,A. V. | ||
| 245 | 2 | _aA Practical English Grammar Exercises 2 | |
| 250 | _a2nd | ||
| 260 |
_aOxford: _bOxford University _c,1980. |
||
| 300 |
_a205p. _bNA _fOriginal |
||
| 500 | _aNA | ||
| 600 | _aHumanities & Natural Science | ||
| 650 | _aEnglish and Old English | ||
| 942 | _cBK | ||
| 999 |
_c6689 _d6689 |
||